Normal view
MARC view
- ادارة اعمال-ادارة المعرفة-المعلومات
Entry Topical Term
001 - CONTROL NUMBER
- control field: 31757
003 - CONTROL NUMBER IDENTIFIER
- control field: JO-AjAnu
005 - DATE AND TIME OF LATEST TRANSACTION
- control field: 20230606075338.0
008 - FIXED-LENGTH DATA ELEMENTS
- fixed length control field: 230606|| aca||aabn | a|a d
040 ## - CATALOGING SOURCE
- Original cataloging agency: JO-AjAnu
- Transcribing agency: JO-AjAnu
150 ## - HEADING--TOPICAL TERM
- Topical term or geographic name entry element: ادارة اعمال-ادارة المعرفة-المعلومات
670 ## - SOURCE DATA FOUND
- Source citation: Work cat.: (JO-AjAnu)16305: البطاينة،محمد تركي/زياد محمد المشاقبة, author 31756, ادارة المعرفة بين النظرية والتطبيق=KNOWLEDGE MANAGEMENT